Who won that Grand Prix? - Statistics

General Stats
  • This quiz has been taken 2,711 times
  • The average score is 9 of 13
Answer Stats
Hint Answer % Correct
Italy 2019 Charles Leclerc
98%
Spain 2016 Max Verstappen
81%
Italiy 2020 Pierre Gasly
79%
China 2006 Michael Schumacher
78%
Europe 2012 Fernando Alonso
74%
Italy 2008 Sebastian Vettel
74%
Brazil 2008 Felipe Massa
73%
United States 2018 Kimi Räikkönen
68%
Canada 2011 Jenson Button
67%
United Kingdom 1950 Giuseppe Farina
64%
Spain 2012 Pastor Maldonado
58%
United States 2002 Rubens Barrichello
52%
Japan 1976 Mario Andretti
31%
No matching quizzes found
Score Distribution
Percent of People with Each Score
Percentile by Number Answered
Your Score History
You have not taken this quiz